000 01758nam a2200349 i 4500
001 111173
003 ES-MaACL
005 20251121121225.0
008 220301s2020 sp a 001 0 spa
020 _a978-84-17971-59-5
020 _a978-84-17971-77-9
080 _a930.85
245 0 0 _aPoliteia :
_b50 años de cultura (1969-2019) /
_ccoordinador de la edición, Miguel Satrústegui ; [edición al cuidado de María Cifuentes].
246 3 _aFundación Politeia :
_b50 años de cultura, 1969-2019
250 _a1ª ed.
260 _aBarcelona :
_bGalaxia Gutenberg,
_c2020.
300 _a2 v. :
_bil., mapas ;
_c25 cm.
500 _aÍndice disponible en Dialnet.
504 _aReferencias bibliográficas.
505 8 _aContiene: I. De los orígenes del hombre al mundo del Renacimiento (606 p.) - II. De la época del Barroco al mundo contemporáneo (672 p.)
594 _aConmemora el cincuentenario de los cursos de Politeia, que Jorgina Gil-Delgado inició en 1969-1970
594 _aRecoge 90 conferencias pronunciadas en el aula de Politeia
650 4 _aCivilización-
_xHistoria
_911082
700 1 _aSatrústegui, Miguel (
_d1949-)
_9174257
700 1 _aCifuentes de Castro, María
_9174259
710 2 _aFundación Politeia.
_9174258
852 4 _aES-MaACL
_jA-14912
_9115388
_bR.152954
_cDEPO1
_dOlim: N-7912
_hDonación: Editorial
_pVol.1
_x Encuadernación en cartone
852 4 _aES-MaACL
_jA-14913
_bR.152954
_cDEPO1
_dOlim: N-7913
_hDonacion: Editorial
_pVol.2
_x Encuadernación en cartone
_9201106
856 4 _uhttps://dialnet.unirioja.es/servlet/libro?codigo=779770&utm_source=catalogo.bne.es&utm_medium=libro&utm_campaign=Dialnet_Widgets
_yÍndice (Dialnet)
942 _2udc
999 _c111173
_d111173